A PINCH OF SALT ROCKS AN EMPIRE (Record no. 193367)

MARC details
000 -LEADER
fixed length control field 00387nam a22001457a 4500
008 - FIXED-LENGTH DATA ELEMENTS--GENERAL INFORMATION
fixed length control field 221025b ||||| |||| 00| 0 eng d
082 ## - DEWEY DECIMAL CLASSIFICATION NUMBER
Classification number S-SIN
100 ## - MAIN ENTRY--PERSONAL NAME
Personal name SINHA,SAROJNI
245 ## - TITLE STATEMENT
Title A PINCH OF SALT ROCKS AN EMPIRE
Medium ENGLISH
260 ## - PUBLICATION, DISTRIBUTION, ETC. (IMPRINT)
Place of publication, distribution, etc NEW DELHI
Name of publisher, distributor, etc A.I.C.B
Date of publication, distribution, etc ROHINI
270 ## - ADDRESS
Address A.I.C.B ,ROHINI NEW DELHI
300 ## - PHYSICAL DESCRIPTION
Extent .
Other physical details .
Dimensions 12X13
490 ## - SERIES STATEMENT
Volume number/sequential designation 1-2
942 ## - ADDED ENTRY ELEMENTS (KOHA)
Source of classification or shelving scheme Dewey Decimal Classification
Item type Braille-Books-English
Call number prefix S
Call number suffix SIN
Holdings
Withdrawn status Lost status Not for loan Home library Current library Date acquired Source of acquisition Cost, normal purchase price Full call number Barcode Koha item type
      Braille-Library Braille-Library 25/10/2022 Braille-Library 5.00 S-SIN BR-003417 Braille-Books-English
      Braille-Library Braille-Library 25/10/2022 Braille-Library 5.00 S-SIN BR-003418 Braille-Books-English

© Delhi Public Library
Hit Counter
free hit counter